Khoáng vật học
Gorde:
| Egile nagusia: | |
|---|---|
| Formatua: | Liburua |
| Hizkuntza: | Undetermined |
| Argitaratua: |
Tp. HCM
ĐHQG
2001
|
| Gaiak: | |
| Etiketak: |
Etiketa erantsi
Etiketarik gabe, Izan zaitez lehena erregistro honi etiketa jartzen!
|
| Thư viện lưu trữ: | Trung tâm Học liệu Trường Đại học Cần Thơ |
|---|
| LEADER | 00446nam a2200169Ia 4500 | ||
|---|---|---|---|
| 001 | CTU_48572 | ||
| 008 | 210402s9999 xx 000 0 und d | ||
| 082 | |a 549 | ||
| 082 | |b Ch302 | ||
| 100 | |a LA THỊ CHÍCH | ||
| 245 | 0 | |a Khoáng vật học | |
| 245 | 0 | |c LA THỊ CHÍCH, Hoàng Trọng Mai | |
| 260 | |a Tp. HCM | ||
| 260 | |b ĐHQG | ||
| 260 | |c 2001 | ||
| 650 | |a mineralogy | ||
| 980 | |a Trung tâm Học liệu Trường Đại học Cần Thơ | ||